000 00515nam a2200193Ia 4500
999 _c20381
_d20381
003 OSt
005 20200702142547.0
008 190216s9999||||xx |||||||||||||| ||und||
020 _a0138235759
040 _coclc
082 _a947
_bMED/S
100 _aMedish, Vadim
_93469
245 4 _aThe Soviet Union /
_cVadim Medish
250 _a2nd Ed.
260 _bPrentice Hall,
_c1984.
_aNew Jersey:
300 _a351p
650 _aWorld History
942 _cBK
_2ddc
_h947
_iMED/S
_k947
_mMED/S